Fußball Top 10 #9 (die letzten unterschiedlichen CL-Sieger) - Statistiken

Allgemein
  • Dieses Quiz wurde 294 mal gespielt
  • Das Durchschnittsergebnis liegt bei 10 aus 10
Antwortstatistiken
Platz Saison Champions League Sieger % Korrekt
4 2019/20 FC Bayern München
100%
1 2023/24 Real Madrid
100%
6 2014/15 FC Barcelona
99%
2 2022/23 Manchester City
98%
5 2018/19 FC Liverpool
97%
3 2020/21 FC Chelsea
96%
9 2006/07 AC Mailand
94%
7 2009/10 Inter Mailand
94%
8 2007/08 Manchester United
93%
10 2003/04 FC Porto
79%
Keine übereinstimmenden Quizze gefunden
Verteilung der Resultate
Anzahl Personen mit jedem Resultat
Perzentil nach korrekt beantworteten Fragen
Ihre Resultats-Entwicklung
Sie haben dieses Quiz noch nicht gespielt